000 00828nam a22001937a 4500
999 _c80714
_d80714
008 201130b ||||| |||| 00| 0 eng d
040 _bger
_cSTAFF
_erda
_aSTAFF
041 _ager
100 _aGutke, Thomas:
245 _aNeuer Chef am Frankfurter Klinikum.
_bPersonalie: Patrick Hilbrenner folgt zum 1. April auf Mirko Papenfuß als Geschäftsführer in Markendorf. Zurzeit managt er als Regionalgeschäftsführer die Asklepios-Standorte in Sachsen und Sachsen-Anhalt /
_cThomas Gutke
653 _aHilbrenner, Patrick
653 _aFrankfurt (Oder)
653 _aKlinikum
773 _dFrankfurt (Oder): Märkisches Verlags- und Druckhaus GmbH & Co KG
_g32. Jahrgang (2021) Nr. 37 vom 13./14.02.2021, S. 18
_tMärkische Oderzeitung
942 _cA